000 00858nmm a2200253 a 4500
001 ocm000703535
003 TR-IsHL
005 20201028153552.0
008 140402s1997 tu tur
007 cr cn
035 _a703535
_b(N$T)
050 0 4 _aHD3442
_b.G88 1997
090 0 4 _aHD3442
_b.G88 1997
100 1 _aGüven, Sami
245 1 0 _aEkonomik demokrasi ve servetin geniş kitlelere yayılmasında kooperatifçilik politikası
_h[electronic resource] /
_cSami Güven
260 _aBursa :
_bEzgi Kitabevi,
_c1997
300 _a278 p.
650 4 _aEkonomi ve Finans
650 4 _aEconomics and Finance
650 0 _aKooperatif
_x Türkiye
650 0 _aCooperative
_x Turkey
650 7 _aBUSINESS & ECONOMICS / General
_2bisacsh
856 4 0 _uhttp://search.ebscohost.com/login.aspx?direct=true&scope=site&db=e011xww&AN=703535
999 _c12116
_d12116